| Tag |
First Indicator |
Second Indicator |
Subfields |
| LEADER |
00000cam a2200000 i 4500 |
| 001 |
in00004087721 |
| 005 |
20191030144423.0 |
| 006 |
m o d f |
| 007 |
cr ||||||||||| |
| 008 |
190820s2019 dcu o f000 0 eng c |
| 035 |
|
|
|a (OCoLC)on1112607956
|
| 042 |
|
|
|a pcc
|
| 043 |
|
|
|a n-us---
|
| 040 |
|
|
|a GPO
|b eng
|e rda
|e pn
|c GPO
|d GPO
|d OCLCF
|d GPO
|d MvI
|
| 049 |
|
|
|a WWW
|
| 050 |
|
4 |
|a KF31
|b .E55 2019b
|
| 074 |
|
|
|a 1008-G (online)
|
| 086 |
0 |
|
|a Y 1.1/5:116-71
|
| 110 |
1 |
|
|a United States.
|b Congress.
|b Senate.
|b Committee on Energy and Natural Resources,
|e author.
|
| 245 |
1 |
0 |
|a Securing Energy Infrastructure Act :
|b report (to accompany S. 174) (including cost estimate of the Congressional Budget Office).
|
| 264 |
|
1 |
|a [Washington, D.C.] :
|b [U.S. Government Publishing Office],
|c [2019]
|
| 300 |
|
|
|a 1 online resource (11 pages).
|
| 336 |
|
|
|a text
|b txt
|2 rdacontent
|
| 337 |
|
|
|a computer
|b c
|2 rdamedia
|
| 338 |
|
|
|a online resource
|b cr
|2 rdacarrier
|
| 490 |
1 |
|
|a Report / 116th Congress, 1st session, Senate ;
|v 116-71
|
| 588 |
|
|
|a Description based on online resource; title from PDF title screen (govinfo web site, viewed on Aug. 20, 2019).
|
| 500 |
|
|
|a "August 16, 2019."
|
| 650 |
|
0 |
|a Electric power distribution
|x Security measures
|x Research
|z United States.
|
| 650 |
|
0 |
|a Cyberinfrastructure
|x Security measures
|x Research
|z United States.
|
| 650 |
|
0 |
|a Cyberterrorism
|z United States
|x Prevention
|x Research.
|
| 651 |
|
7 |
|a United States.
|2 fast
|0 (OCoLC)fst01204155
|
| 655 |
|
7 |
|a Legislative materials.
|2 fast
|0 (OCoLC)fst01774285
|
| 655 |
|
7 |
|a Legislative materials.
|2 lcgft
|
| 776 |
0 |
8 |
|i Print version:
|a United States. Congress. Senate. Committee on Energy and Natural Resources.
|t Securing Energy Infrastructure Act
|w (OCoLC)1114333725
|
| 810 |
1 |
|
|a United States.
|b Congress.
|b Senate.
|t Report ;
|v 116-71.
|
| 856 |
4 |
0 |
|u https://purl.fdlp.gov/GPO/gpo124528
|t 0
|
| 999 |
f |
f |
|s a6178e0a-fdc4-32fe-ade7-04b421f8dc9e
|i 36acf07d-d90e-3599-a2ea-57e627e07a47
|t 0
|
| 952 |
f |
f |
|a Texas A&M University
|b College Station
|c Electronic Resources
|d Available Online
|t 0
|e Y 1.1/5:116-71
|h Superintendent of Documents classification
|
| 998 |
f |
f |
|a Y 1.1/5:116-71
|t 0
|l Available Online
|